| 000 | 01365nam a2200361 a 4500 | ||
|---|---|---|---|
| 001 | ebr10498899 | ||
| 003 | CaPaEBR | ||
| 006 | m u | ||
| 007 | cr cn||||||||| | ||
| 008 | 100301s2009 nyuac s 000 0aeng d | ||
| 010 | _z 2010277138 | ||
| 020 | _z1932714715 | ||
| 020 | _z9781932714715 | ||
| 020 | _z9781611210484 (e-book) | ||
| 040 |
_aCaPaEBR _cCaPaEBR |
||
| 035 | _a(OCoLC)763157063 | ||
| 043 | _an-us--- | ||
| 050 | 1 | 4 |
_aTL540.B3523 _bA3 2009eb |
| 082 | 0 | 4 |
_a362.292092 _aB _223 |
| 100 | 1 | _aBalzer, Joseph Wesley. | |
| 245 | 1 | 0 |
_aFlying drunk _h[electronic resource] : _ba Northwest Airlines flight, three drunk pilots, and one man's fight for redemption / _cJoseph Balzer. |
| 250 | _a2nd ed. | ||
| 260 |
_aNew York : _bSavas Beatie, _cc2009. |
||
| 300 |
_axiii, 225 p. : _bill., port. |
||
| 500 | _aFirst printing. | ||
| 533 |
_aElectronic reproduction. _bPalo Alto, Calif. : _cebrary, _d2011. _nAvailable via World Wide Web. _nAccess may be limited to ebrary affiliated libraries. |
||
| 600 | 1 | 0 | _aBalzer, Joseph Wesley. |
| 650 | 0 |
_aAir pilots _zUnited States _vBiography. |
|
| 650 | 0 |
_aAlcoholics _zUnited States _vBiography. |
|
| 655 | 7 |
_aElectronic books. _2local |
|
| 710 | 2 | _aebrary, Inc. | |
| 856 | 4 | 0 |
_uhttp://site.ebrary.com/lib/rucke/Doc?id=10498899 _zAn electronic book accessible through the World Wide Web; click to view |
| 999 |
_c132396 _d132396 |
||